00835cam a2200241 a 450000100040000000500170000402000150002104000230003605000250005908200140008410000350009824500710013325000120020426000330021630000650024950500060031452001620032052100210048252100180050365000210052165000240054270000270056649220240430102557.0 a0670058874 aDLCcDLCdDLCbeng00aPZ7.M26573bYak 200400a813.62220 aCiccone, Madonna Louised1958-10aYakov and the seven thieves /cby Madonna ; art by Gennady Spirin. a1st ed. aNew York :bCallaway,c2004. a30 pages, 2 leaves of plates :bcolor illustrations.c26 cm. aO aWhen Yakov, the cobbler's son lies dying, it is the thieves, pickpockets, and criminals of the village whose prayers are heard, causing the boy to be healed. a850 bLexile AD aO bRaz-Plus 1aPrayervFiction. 1aCriminalsvFiction.1 aSpirin, Gennady,eill.